Koptische grammatik mit chrestomathie, wörterverzeichnis und litteratur / (Record no. 23841)

MARC details
000 -LEADER
fixed length control field 00798cam a22002411i 4500
001 - CONTROL NUMBER
control field g 01001792
003 - CONTROL NUMBER IDENTIFIER
control field DLC
005 - DATE AND TIME OF LATEST TRANSACTION
control field 20260227111256.0
008 - FIXED-LENGTH DATA ELEMENTS--GENERAL INFORMATION
fixed length control field 780125s1894 gw 001 0 cop
010 ## - LIBRARY OF CONGRESS CONTROL NUMBER
LC control number g 01001792
035 ## - SYSTEM CONTROL NUMBER
System control number (OCoLC)3579638
040 ## - CATALOGING SOURCE
Original cataloging agency DLC
Transcribing agency PPStCh
Modifying agency DLC
042 ## - AUTHENTICATION CODE
Authentication code premarc
050 00 - LIBRARY OF CONGRESS CALL NUMBER
Classification number PJ2033
Item number .S7
100 1# - MAIN ENTRY--PERSONAL NAME
Personal name Steindorff, Georg,
Dates associated with a name 1861-1951.
245 10 - TITLE STATEMENT
Title Koptische grammatik mit chrestomathie, wörterverzeichnis und litteratur /
Statement of responsibility, etc. von Gerog Steindorff.
260 ## - PUBLICATION, DISTRIBUTION, ETC.
Place of publication, distribution, etc. Berlin,
Name of publisher, distributor, etc. Reuther und Reichard;
Place of publication, distribution, etc. New York,
Name of publisher, distributor, etc. B. Westermann & Co.;
Date of publication, distribution, etc. 1894.
300 ## - PHYSICAL DESCRIPTION
Extent xviii, 220, 94 p.
Dimensions 19 cm.
490 0# - SERIES STATEMENT
Series statement Porta linguarum orientalium,
Volume/sequential designation pars 14
504 ## - BIBLIOGRAPHY, ETC. NOTE
Bibliography, etc. note Bibliography: p. 212-220.
650 #0 - SUBJECT ADDED ENTRY--TOPICAL TERM
Topical term or geographic name entry element Coptic language
General subdivision Grammar.
650 #0 - SUBJECT ADDED ENTRY--TOPICAL TERM
Topical term or geographic name entry element Coptic language
Form subdivision Bibliography.

No items available.

Powered by Koha